J Cole's top ten songs - Statistics

General Stats
  • This quiz has been taken 216 times
  • The average score is 5 of 10
Answer Stats
Streams Song % Correct
1,277,801,455 No Role Modelz
91%
313,816,218 Wet Dreamz
84%
744,966,981 MIDDLE CHILD
83%
96,074,747 Work out
66%
88,006,862 She Knows
51%
108,638,288 m y . l i f e
37%
117,343,165 KOD
36%
100,186,228 p r i d e . i s . t h e . d e v i l
30%
93,166,084 Neighbors
25%
102,896,549 Deja Vu
22%
No matching quizzes found
Score Distribution
Percent of People with Each Score
Percentile by Number Answered
Your Score History
You have not taken this quiz